Prima un idiota

Guardat en:
Dades bibliogràfiques
Autor principal: Roselli, Franco
Format: Llibre
Idioma:anglès
Etiquetes: Afegir etiqueta
Sense etiquetes, Sigues el primer a etiquetar aquest registre!

MARC

LEADER 00000nam a2200000 4500
001 CDOM0000002603
003 mi
005 20250920133342.0
008 250920b |||||||| |||| 00| 0 eng d
040 |c mi 
100 |a Roselli, Franco 
245 1 |a Prima un idiota  
942 |2 ddc  |c BK 
952 |0 0  |1 0  |2 ddc  |4 0  |7 0  |9 6089  |a MI  |b MI  |d 2006-07-02  |i 789  |l 0  |p CDOM789  |r 2025-07-13 16:28:00  |w 2025-07-13  |x DONO CON DEDICA DELL'AUTORE  |y BK 
999 |c 4863  |d 4863